| 000 | 02508nam a2200793 i 4500 | ||
|---|---|---|---|
| 001 | 991053079641905066 | ||
| 003 | NyNyJPI | ||
| 005 | 20260413200348.0 | ||
| 008 | 230626s2023 pl abho |001 0 pol c | ||
| 009 | b1000002954368 | ||
| 015 | _aUWD 2023/24704 | ||
| 020 |
_a9788308081266 _q(oprawa miękka) : _czł 59,90 |
||
| 035 | _a(PL)b1000002954368 | ||
| 035 | _a(EXLNZ-48OMNIS_NETWORK)9913267363005606 | ||
| 040 |
_aWA 392 _cWA 392 _dWA 392 _dMBPWR _dWA N _dKR U _dLUBL KUL _dOLSZT W _dWA 392 _dELBLAG M _dZDU_1 _dWR M _dWA M |
||
| 045 | 2 |
_bd0966 _bd2022 |
|
| 046 | _k2023 | ||
| 080 |
_81.1\x _a94(438) |
||
| 080 |
_81.2\x _a556.53 |
||
| 080 |
_81.3\x _a656.62 |
||
| 084 | _a02 | ||
| 100 | 1 |
_aChwalba, Andrzej _d(1949- ) _eAutor |
|
| 245 | 1 | 0 |
_aWisła : _bbiografia rzeki / _cAndrzej Chwalba. |
| 246 | 3 | 0 | _aBiografia rzeki |
| 250 | _aWydanie pierwsze. | ||
| 260 |
_aKraków : _bWydawnictwo Literackie, _c2023. |
||
| 300 |
_a405, [3] strony : _bfaksymilia, fotografie, ilustracje, mapy ; _c21 cm. |
||
| 336 |
_aTekst _btxt _2rdacontent |
||
| 337 |
_aBez urządzenia pośredniczącego _bn _2rdamedia |
||
| 338 |
_aWolumin _bnc _2rdacarrier |
||
| 380 | _aKsiążki | ||
| 380 | _aPublikacje popularnonaukowe | ||
| 388 | 1 | _a2001- | |
| 504 | _aBibliografia na stronach 386-389. Indeksy. | ||
| 530 | _aKsiążka dostępna także jako e-book. | ||
| 648 | 7 |
_a901-1000 _2DBN |
|
| 648 | 7 |
_a1001-1100 _2DBN |
|
| 648 | 7 |
_a1101-1200 _2DBN |
|
| 648 | 7 |
_a1201-1300 _2DBN |
|
| 648 | 7 |
_a1301-1400 _2DBN |
|
| 648 | 7 |
_a1401-1500 _2DBN |
|
| 648 | 7 |
_a1501-1600 _2DBN |
|
| 648 | 7 |
_a1601-1700 _2DBN |
|
| 648 | 7 |
_a1701-1800 _2DBN |
|
| 648 | 7 |
_a1801-1900 _2DBN |
|
| 648 | 7 |
_a1901-2000 _2DBN |
|
| 648 | 7 |
_a2001- _2DBN |
|
| 650 | 7 |
_aBudowle hydrotechniczne _2DBN |
|
| 650 | 7 |
_aFlisacy _2DBN |
|
| 650 | 7 |
_aHistoria środowiskowa _2DBN |
|
| 650 | 7 |
_aHydrologia _2DBN |
|
| 650 | 7 |
_aRegulacja wód płynących _2DBN |
|
| 650 | 7 |
_aOdpoczynek _2DBN |
|
| 650 | 7 |
_aPowódź _2DBN |
|
| 650 | 7 |
_aRybołówstwo _2DBN |
|
| 650 | 7 |
_aRzeki _2DBN |
|
| 650 | 7 |
_aTransport wodny śródlądowy _2DBN |
|
| 650 | 7 |
_aTransport wodny śródlądowy _2DBN |
|
| 651 | 7 |
_aPolska _2DBN |
|
| 651 | 7 |
_aWarszawa (woj. mazowieckie) _2DBN |
|
| 651 | 7 |
_aWisła (rzeka) _2DBN |
|
| 655 | 7 |
_aOpracowanie _2DBN |
|
| 658 | _aGeografia i nauki o Ziemi | ||
| 658 | _aHistoria | ||
| 658 | _aGospodarka, ekonomia, finanse | ||
| 658 | _aOchrona środowiska | ||
| 710 | 2 |
_aWydawnictwo Literackie _eWydawca _4pbl |
|
| 942 |
_2z _cBK _n0 |
||
| 999 |
_c91115 _d91115 |
||